QUEST Central Library Banner

Nawabshah Web Portal. (Record no. 58599)

MARC details
000 -LEADER
fixed length control field 00509nam a2200169Ia 4500
082 ## - DEWEY DECIMAL CLASSIFICATION NUMBER
Classification number R/5BS(CS)07
100 ## - MAIN ENTRY--AUTHOR NAME
Personal name Zahid Hussain Brohi
100 ## - MAIN ENTRY--AUTHOR NAME
Personal name Roll No. 07BS(CS)26
100 ## - MAIN ENTRY--AUTHOR NAME
Personal name Supervisor - Engr. Fozia Noureen Shaikh
245 #0 - TITLE STATEMENT
Title Nawabshah Web Portal.
260 ## - PUBLICATION, DISTRIBUTION, ETC. (IMPRINT)
Place of publication Nawabshah
Name of publisher QUEST
Year of publication 2011
300 ## - PHYSICAL DESCRIPTION
Number of Pages 60p
700 ## - ADDED ENTRY--PERSONAL NAME
Personal name Ghullam Mustafa Jamali (Roll No. 07BS(CS)09)
700 ## - ADDED ENTRY--PERSONAL NAME
Personal name Muhammad Nadeem Jatt (Roll No. 07BS(CS)49)
700 ## - ADDED ENTRY--PERSONAL NAME
Personal name Dolat Ram Lohana (Roll No. 07BS(CS)55)
942 ## - ADDED ENTRY ELEMENTS (KOHA)
Koha item type Thesis and Dissertation
Holdings
Withdrawn status Lost status Home library Current library Date acquired Full call number Accession Number Koha item type
    Research Section Research Section 26/04/2018 R/5BS(CS)07 BSCSP/08-79 Thesis and Dissertation

Copyright © 2018,The QUEST, Nawabshah, Shaheed Benazirabad. All rights reserved
Mr. G. Farooq Channar (Librarian) QUEST, Nawabshah, Sindh, Pakistan 67480.
 Ph#: |   0244-9370381-4 Ext. 2308   Email| lib@quest.edu.pk   Web|  http://www.quest.edu.pk